000
00262nam a2200097Ia 4500
008
220204s9999 xx 000 0 und d
082
_a
613.4(03)
_b
MAR
245
0
_a
Mind alive encyclopedia: Mind and body
260
_a
London
_b
Marshall Cavendish
_c
1977
942
_c
BK
999
_c
27424
_d
27424